Loading...
| History - World | 0 | 9 | 1 | 4 | 85 | 99 | 124.89 | 0 | 0 | 0.00 | 0.00 |
| Current Events | 0 | 4 | 0 | 2 | 40 | 111 | 125.75 | 0 | 0 | 0.00 | 0.00 |
| History - European | 0 | 5 | 2 | 0 | 40 | 107 | 127.20 | 0 | 0 | 0.00 | 0.00 |
| History - Other | 0 | 4 | 0 | 2 | 40 | 103 | 123.00 | 0 | 0 | 0.00 | 0.00 |
| Fine Arts - Painting & Sculpture | 0 | 2 | 0 | 1 | 20 | 124 | 137.50 | 0 | 0 | 0.00 | 0.00 |
| History - American | 0 | 3 | 3 | 0 | 15 | 55 | 96.33 | 1 | 1 | 0.00 | 0.00 |
| Geography | 0 | 2 | 1 | 1 | 15 | 128 | 138.50 | 0 | 0 | 0.00 | 0.00 |
| Religion | 0 | 1 | 0 | 0 | 10 | 35 | 35.00 | 0 | 0 | 0.00 | 0.00 |
| Social Science | 0 | 1 | 1 | 0 | 5 | 77 | 77.00 | 0 | 0 | 0.00 | 0.00 |
| Other Academic | 0 | 1 | 1 | 0 | 5 | 99 | 99.00 | 0 | 0 | 0.00 | 0.00 |
| Science - Other | 0 | 1 | 1 | 0 | 5 | 111 | 111.00 | 0 | 0 | 0.00 | 0.00 |
| Fine Arts - Other | 0 | 1 | 1 | 0 | 5 | 143 | 143.00 | 0 | 0 | 0.00 | 0.00 |
| Literature - American | 0 | 0 | 0 | 0 | 0 | 0.00 | 0 | 0 | 0.00 | 0.00 | |
| Literature - World | 0 | 0 | 1 | 0 | -5 | 0.00 | 0 | 0 | 0.00 | 0.00 | |
| Science - Biology | 0 | 0 | 2 | 0 | -10 | 0.00 | 0 | 0 | 0.00 | 0.00 |